01637naa a2200265 i 45000010005000000030009000050050017000140080039000310400021000700800015000911000109001062450146002152460100003615000021004615200412004826500024008946500038009186500017009566550030009737110065010037730238010689420013013069990015013199520037013343385KOSZ 00520180214104346.0141108s2005 pl f |100 0 pol cBPKdKOSZ 005/EG a621.73/.771 aKUKIEŁKA, Leon.d1996 - .bPolitechnika Koszalińska - Wydział Mechaniczny,cKatedra Maszyn Roboczych10aNumeryczna analiza wpływu temperatury części na siły wygniatania gwintu metrycznego /cDariusz Rusak, Rafał Gryglicki, Leon Kukiełka.31aNumerical analysis of the elements temperature influence on the forces needed to extrude thread aDane z autopsji. aPrzedstawiono przykładowe wyniki obliczeń rozkładu naprężeń zredukowanych, wykresu sił wygniatania oraz rozkładu odkształceń plastycznych w materiale. Wykazano, iż wzrost temperatury części poddawanej obróbce, wpływa na zmniejszenie sił potrzebnych do wygniecenia żądanego gwintu. Opracowano aplikację w programie Abaqus, wykorzystującą metodę elementów skończonych. 0aAnaliza numeryczna. 0aMetoda elementów skończonych. 0aGwintowanie. 0aMateriały konferencyjne.22aSłupskie Forum Motoryzacjin(8 ;d2005 ;cSłupsk, Polska).0 iW :tVIII Konferencja naukowo-techniczna nt. Współczesne technologie w motoryzacji a bezpieczeństwo ruchu drogowego : Słupsk 24.5.2005 / pod red. Leona Kukiełki. -dSłupsk : Starostwo Powiatowe w Słupsku, 2005. -gs. 205-212 cROZ2UKD c3385d3385 00104070aBPKbBPKo76403yROZ